[Event "FRA-ch op-A"]
[Site "Belfort"]
[Date "2010.08.14"]
[Round "5"]
[White "Lagunes, Jean Renaud"]
[Black "Schmitt, Fabien"]
[Result "0-1"]
[WhiteElo "2074"]
[BlackElo "2118"]
[PlyCount "128"]
[EventDate "2010.08.09"]
[EventType "swiss"]
[EventRounds "11"]
[EventCountry "FRA"]
[SourceTitle "CBM 138 Extra"]
[Source "ChessBase"]
[SourceDate "2010.10.29"]
[SourceVersion "1"]
[SourceVersionDate "2010.10.29"]
[SourceQuality "1"]

1. e4 c5 2. Nf3 Nc6 3. Bb5 g6 4. Bxc6 bxc6 5. Qe2 Bg7 6. 0-0 f6 7. a4 d6 8. Na3 Nh6 9. d3 Nf7 10. Rb1 0-0 11. b3 Bg4 12. Nc4 e5 13. Ne3 Bd7 14. Ba3 f5 15. Nc4 f4 16. Nfd2 Qh4 17. f3 g5 18. Qf2 Qh5 19. h3 Rfe8 20. Qe1 Bf8 21. Kf2 Nd8 22. Na5 Qf7 23. Rh1 h5 24. Ke2 Be6 25. Ndc4 Qc7 26. Qc3 Bc8 27. Nb2 Ba6 28. Nd1 Ne6 29. Nf2 Be7 30. Nc4 Rab8 31. Nd2 d5 32. Qa1 Nd4+ 33. Kd1 Qa5 34. Bb2 Rb7 35. Re1 Bd6 36. Qa3 Qc7 37. Qa2 Qf7 38. c4 dxc4 39. bxc4 Reb8 40. Bxd4 Rxb1+ 41. Nxb1 cxd4 42. Re2 Bb4 43. Rb2 Bc8 44. Na3 a5 45. Nc2 c5 46. Na3 Qg6 47. Nb5 g4 48. hxg4 hxg4 49. Qb1 g3 50. Nh1 Rb7 51. Ke2 Qh6 52. Qg1 Rh7 53. Rb1 Qb6 54. Rf1 Rh2 55. Kd1 Rh7 56. Kc2 Bd7 57. Rb1 Bxb5 58. axb5 a4 59. Ra1 Qa5 60. Nxg3 fxg3 61. Qc1 a3 62. Kb3 Bd2 63. Qxa3 Qc3+ 64. Ka2 Qc2+ 0-1

[Event "FRA-chT1A 0809"]
[Site "France"]
[Date "2009.03.14"]
[Round "8.4"]
[White "Alexieva, Silvia"]
[Black "Schmitt, Fabien"]
[Result "1-0"]
[WhiteElo "2352"]
[BlackElo "2168"]
[PlyCount "67"]
[EventDate "2008.10.19"]
[EventType "team-tourn"]
[EventRounds "11"]
[EventCountry "FRA"]
[SourceTitle "EXT 2010"]
[Source "ChessBase"]
[SourceDate "2010.11.25"]
[SourceVersion "1"]
[SourceVersionDate "2010.11.25"]
[SourceQuality "1"]
[WhiteTeam "Hyeres"]
[BlackTeam "Mulhouse II"]
[WhiteTeamCountry "FRA"]
[BlackTeamCountry "FRA"]

1. Nf3 c5 2. c4 b6 3. g3 Bb7 4. Bg2 g6 5. 0-0 Bg7 6. Re1 e6 7. e4 e5 8. a3 a5 9. Nc3 Ne7 10. Rb1 Nbc6 11. Nd5 d6 12. d3 0-0 13. Bg5 f6 14. Bd2 Bc8 15. h3 Nxd5 16. exd5 Ne7 17. b4 axb4 18. axb4 h6 19. Ra1 Bd7 20. Qb3 Rxa1 21. Rxa1 f5 22. Ra7 Nc8 23. Ra6 g5 24. bxc5 bxc5 25. Ba5 Qf6 26. Nd2 h5 27. Qb7 Qe7 28. Qc7 h4 29. gxh4 gxh4 30. Kf1 Bf6 31. Ra8 Kh7 32. Rb8 Rg8 33. Rb7 Bg7 34. Qb8 1-0

[Event "FRA-chT1A 0809"]
[Site "France"]
[Date "2008.10.19"]
[Round "1.6"]
[White "Monsieux, Sebastien"]
[Black "Schmitt, Fabien"]
[Result "1/2-1/2"]
[WhiteElo "2094"]
[BlackElo "2174"]
[PlyCount "43"]
[EventDate "2008.10.19"]
[EventType "team-tourn"]
[EventRounds "11"]
[EventCountry "FRA"]
[SourceTitle "EXT 2010"]
[Source "ChessBase"]
[SourceDate "2010.11.25"]
[SourceVersion "1"]
[SourceVersionDate "2010.11.25"]
[SourceQuality "1"]
[WhiteTeam "Belfort"]
[BlackTeam "Mulhouse II"]
[WhiteTeamCountry "FRA"]
[BlackTeamCountry "FRA"]

1. d4 d5 2. c4 e6 3. Nc3 Be7 4. Nf3 Nf6 5. Bg5 0-0 6. e3 h6 7. Bh4 b6 8. cxd5 Nxd5 9. Nxd5 Bxh4 10. Nf4 Be7 11. a3 Bb7 12. Be2 c5 13. dxc5 Bxc5 14. Qxd8 Rxd8 15. 0-0 Nd7 16. Rfd1 g5 17. Nh5 Be7 18. h3 Rac8 19. Rac1 Rxc1 20. Rxc1 Rc8 21. Rxc8+ Bxc8 22. Nd4 1/2-1/2

[Event "FRA-chT1B 0607"]
[Site "France"]
[Date "2007.03.11"]
[Round "11.4"]
[White "Babault, Patrice"]
[Black "Schmitt, Fabien"]
[Result "1-0"]
[WhiteElo "2324"]
[BlackElo "2164"]
[PlyCount "63"]
[EventDate "2006.10.15"]
[EventType "team"]
[EventRounds "11"]
[EventCountry "FRA"]
[SourceTitle "EXT 2008"]
[Source "ChessBase"]
[SourceDate "2007.11.25"]
[SourceVersion "1"]
[SourceVersionDate "2007.11.25"]
[SourceQuality "1"]
[WhiteTeam "Lutece"]
[BlackTeam "Mulhouse II"]
[WhiteTeamCountry "FRA"]
[BlackTeamCountry "FRA"]

1. e4 c5 2. Nf3 e6 3. Nc3 a6 4. d4 cxd4 5. Nxd4 Qc7 6. Bd3 Nc6 7. Nb3 Nf6 8. f4 d6 9. Qf3 b5 10. Be3 Bb7 11. 0-0 Be7 12. Qh3 Nb4 13. a3 Nxd3 14. cxd3 Rc8 15. Rac1 Qd7 16. Nd4 e5 17. Nf5 g6 18. Nxe7 Qxh3 19. gxh3 Kxe7 20. fxe5 Nh5 21. Bg5+ Ke6 22. d4 h6 23. Bh4 g5 24. d5+ Kxe5 25. Rf5+ Kd4 26. Bf2+ Kd3 27. Rf3+ Kd2 28. Be3+ Kd3 29. Bb6+ Kd2 30. Rf2+ Kd3 31. Rd1+ Kc4 32. Rd4+ 1-0

[Event "FRA-chT2D 0506"]
[Site "France"]
[Date "2005.11.20"]
[Round "3.8"]
[White "Saleron, Marc"]
[Black "Schmitt, Fabien"]
[Result "1/2-1/2"]
[WhiteElo "2010"]
[BlackElo "2146"]
[PlyCount "24"]
[EventDate "2005.10.27"]
[EventType "team-tourn"]
[EventRounds "11"]
[EventCountry "FRA"]
[SourceTitle "EXT 2006"]
[Source "ChessBase"]
[SourceDate "2005.11.24"]
[SourceVersion "1"]
[SourceVersionDate "2005.11.24"]
[SourceQuality "1"]
[WhiteTeam "Paris NAO II"]
[BlackTeam "Mulhouse"]
[WhiteTeamCountry "FRA"]
[BlackTeamCountry "FRA"]

1. e4 c5 2. Nf3 Nc6 3. Bb5 g6 4. 0-0 Bg7 5. Re1 e5 6. c3 Nge7 7. h3 0-0 8. Bf1 d5 9. exd5 Na5 10. d3 h6 11. Nbd2 Qc7 12. Nb3 b6 1/2-1/2

[Event "FRA-chT2 0304"]
[Site "France"]
[Date "2003.12.07"]
[Round "4"]
[White "Fischer, Marc"]
[Black "Schmitt, Fabien"]
[Result "1/2-1/2"]
[WhiteElo "2095"]
[BlackElo "2140"]
[PlyCount "47"]
[EventDate "2003.10.??"]
[EventType "team"]
[EventRounds "11"]
[EventCountry "FRA"]
[SourceTitle "EXT 2005"]
[Source "ChessBase"]
[SourceDate "2004.11.15"]
[SourceVersion "1"]
[SourceVersionDate "2004.11.15"]
[SourceQuality "1"]

1. d4 d5 2. Nf3 Nf6 3. g3 e6 4. Bg2 Be7 5. 0-0 0-0 6. c4 dxc4 7. Qa4 Bd7 8. Qxc4 a6 9. Qc2 Bc6 10. Nc3 b5 11. a3 h6 12. Rd1 Nbd7 13. e4 Nb6 14. Bf4 Nh5 15. Be3 Rc8 16. Rac1 Bb7 17. Ne5 Nd7 18. Nxd7 Qxd7 19. b4 Nf6 20. d5 exd5 21. Nxd5 Nxd5 22. exd5 Rfe8 23. Bc5 Bf6 24. Qd3 1/2-1/2

[Event "FRA-chT2 0304"]
[Site "France"]
[Date "2003.11.15"]
[Round "2"]
[White "Schmitt, Fabien"]
[Black "Polard, Gaetan"]
[Result "1/2-1/2"]
[WhiteElo "2140"]
[BlackElo "2208"]
[PlyCount "41"]
[EventDate "2003.10.??"]
[EventType "team"]
[EventRounds "11"]
[EventCountry "FRA"]
[SourceTitle "EXT 2005"]
[Source "ChessBase"]
[SourceDate "2004.11.15"]
[SourceVersion "1"]
[SourceVersionDate "2004.11.15"]
[SourceQuality "1"]
[WhiteTeam "Mulhouse III"]
[BlackTeam "Illkirch Graffenstaden"]
[WhiteTeamCountry "FRA"]
[BlackTeamCountry "FRA"]

1. e4 c5 2. Nf3 d6 3. d4 cxd4 4. Nxd4 Nf6 5. Nc3 g6 6. g3 Nc6 7. Nde2 Bg7 8. Bg2 0-0 9. 0-0 Bg4 10. h3 Be6 11. Nd5 Qd7 12. Kh2 Rfc8 13. c3 Ne5 14. Nd4 Bxd5 15. exd5 Nc4 16. b3 Nb6 17. c4 a5 18. a4 Re8 19. Be3 Qd8 20. Qd2 Nbd7 21. Rab1 1/2-1/2

[Event "FRA-chT2O 0203"]
[Site "France"]
[Date "2003.03.15"]
[Round "8.5"]
[White "Leroy, Christophe"]
[Black "Schmitt, Fabien"]
[Result "1/2-1/2"]
[WhiteElo "2230"]
[BlackElo "2135"]
[PlyCount "56"]
[EventDate "2002.10.??"]
[EventType "team"]
[EventRounds "11"]
[EventCountry "FRA"]
[SourceTitle "EXT 2004"]
[Source "ChessBase"]
[SourceDate "2003.11.25"]
[SourceVersion "1"]
[SourceVersionDate "2003.11.25"]
[SourceQuality "1"]
[WhiteTeam "Lyon Olympique"]
[BlackTeam "Mulhouse Philidor II"]
[WhiteTeamCountry "FRA"]
[BlackTeamCountry "FRA"]

1. e4 c5 2. Nf3 e6 3. d4 cxd4 4. Nxd4 Nf6 5. Nc3 d6 6. Be2 a6 7. 0-0 Nc6 8. Be3 Be7 9. f4 Qc7 10. a4 0-0 11. Kh1 Rd8 12. Nb3 Na5 13. Nxa5 Qxa5 14. Qe1 Kh8 15. b4 Qc7 16. a5 Re8 17. Bb6 Qb8 18. Bd3 Nd7 19. Na4 Bd8 20. Bxd8 Rxd8 21. Qh4 Re8 22. Rad1 h6 23. c4 Qc7 24. Rc1 b6 25. e5 bxa5 26. Be4 Rb8 27. exd6 Qxd6 28. bxa5 Nf6 1/2-1/2

[Event "FRA-chT2"]
[Site "France"]
[Date "2002.03.??"]
[Round "11"]
[White "Schmitt, Fabien"]
[Black "Helstroffer, Arnaud"]
[Result "1/2-1/2"]
[WhiteElo "2146"]
[BlackElo "2074"]
[PlyCount "29"]
[EventDate "2002.??.??"]
[EventType "team"]
[EventRounds "11"]
[EventCountry "FRA"]
[SourceTitle "EXT 2003"]
[Source "ChessBase"]
[SourceDate "2002.11.25"]
[SourceVersion "1"]
[SourceVersionDate "2002.11.25"]
[SourceQuality "1"]

1. e4 c5 2. Nf3 d6 3. d4 cxd4 4. Nxd4 Nf6 5. Nc3 g6 6. Be3 Bg7 7. f3 0-0 8. Qd2 Nc6 9. 0-0-0 d5 10. Qe1 e6 11. g4 Re8 12. Nxc6 bxc6 13. e5 Nd7 14. f4 Qa5 15. a3 1/2-1/2

[Event "FRA-chT2"]
[Site "France"]
[Date "2001.12.??"]
[Round "4"]
[White "Schmitt, Fabien"]
[Black "Larrat, Philippe"]
[Result "0-1"]
[WhiteElo "2146"]
[BlackElo "2158"]
[PlyCount "60"]
[EventDate "2002.??.??"]
[EventType "team"]
[EventRounds "11"]
[EventCountry "FRA"]
[SourceTitle "EXT 2003"]
[Source "ChessBase"]
[SourceDate "2002.11.25"]
[SourceVersion "1"]
[SourceVersionDate "2002.11.25"]
[SourceQuality "1"]

1. e4 c5 2. Nf3 g6 3. d4 cxd4 4. Qxd4 Nf6 5. e5 Nc6 6. Qa4 Nd5 7. Qe4 Ndb4 8. c3 d5 9. Qe2 Na6 10. b4 Nc7 11. Nd4 Bg7 12. f4 0-0 13. Nd2 Ne6 14. N2f3 Nexd4 15. Nxd4 Nxd4 16. cxd4 Qb6 17. Qb2 Bf5 18. Be2 Rac8 19. Be3 Rc2 20. Qb3 Rfc8 21. Bf2 R8c3 22. Qa4 Rb2 23. Bf3 Rcc2 24. Be3 Be4 25. Rc1 Rxc1+ 26. Bxc1 Rb1 27. 0-0 Qxd4+ 28. Kh1 Qc4 29. Qd1 Bxf3 30. gxf3 Bh6 0-1

[Event "Budapest FS08 IM-B"]
[Site "Budapest"]
[Date "2001.08.14"]
[Round "11"]
[White "Schmitt, Fabien"]
[Black "Eperjesi, Laszlo"]
[Result "1/2-1/2"]
[WhiteElo "2146"]
[BlackElo "2255"]
[PlyCount "69"]
[EventDate "2001.08.04"]
[EventType "tourn"]
[EventRounds "11"]
[EventCountry "HUN"]
[EventCategory "1"]
[SourceTitle "CBM 083 Extra"]
[Source "ChessBase"]
[SourceDate "2001.09.11"]
[SourceVersion "1"]
[SourceVersionDate "2001.09.11"]
[SourceQuality "1"]

1. d4 Nf6 2. c4 e6 3. Nc3 Bb4 4. e3 0-0 5. Bd3 d5 6. cxd5 exd5 7. Nge2 Re8 8. 0-0 Bf8 9. a3 a5 10. Bc2 b6 11. Nf4 c6 12. f3 g6 13. e4 Bg7 14. exd5 Nxd5 15. Nfxd5 cxd5 16. Ba4 Bd7 17. Bf4 Nc6 18. Nxd5 Nxd4 19. Bxd7 Qxd7 20. Nxb6 Qa7 21. Nxa8 Ne2+ 22. Kh1 Nxf4 23. Qa4 Qe3 24. Nc7 Re5 25. Qc2 Ne2 26. g3 Rc5 27. Qd1 Bd4 28. Ne8 Rf5 29. Kg2 Qxe8 30. Re1 Re5 31. Kf1 Bxb2 32. Rb1 Nxg3+ 33. hxg3 Rxe1+ 34. Qxe1 Qxe1+ 35. Kxe1 1/2-1/2

[Event "Budapest FS08 IM-B"]
[Site "Budapest"]
[Date "2001.08.10"]
[Round "7"]
[White "Schmitt, Fabien"]
[Black "Seres, Lajos"]
[Result "1/2-1/2"]
[WhiteElo "2146"]
[BlackElo "2427"]
[PlyCount "33"]
[EventDate "2001.08.04"]
[EventType "tourn"]
[EventRounds "11"]
[EventCountry "HUN"]
[EventCategory "1"]
[SourceTitle "CBM 083 Extra"]
[Source "ChessBase"]
[SourceDate "2001.09.11"]
[SourceVersion "1"]
[SourceVersionDate "2001.09.11"]
[SourceQuality "1"]

1. e4 c5 2. Nf3 d6 3. d4 cxd4 4. Nxd4 Nf6 5. Nc3 a6 6. f4 e5 7. Nf3 Nbd7 8. Bd3 Be7 9. 0-0 0-0 10. Kh1 b5 11. Qe1 Bb7 12. Bd2 Rc8 13. a4 b4 14. Nd5 Nxd5 15. exd5 Bxd5 16. Bxb4 Nc5 17. Bxc5 1/2-1/2

[Event "Budapest FS08 IM-B"]
[Site "Budapest"]
[Date "2001.08.08"]
[Round "5"]
[White "Schmitt, Fabien"]
[Black "Jamrich, Gyorgy"]
[Result "1-0"]
[WhiteElo "2146"]
[BlackElo "2246"]
[PlyCount "35"]
[EventDate "2001.08.04"]
[EventType "tourn"]
[EventRounds "11"]
[EventCountry "HUN"]
[EventCategory "1"]
[SourceTitle "CBM 083 Extra"]
[Source "ChessBase"]
[SourceDate "2001.09.11"]
[SourceVersion "1"]
[SourceVersionDate "2001.09.11"]
[SourceQuality "1"]

1. d4 Nf6 2. Nf3 c5 3. d5 b5 4. Bg5 Ne4 5. Bh4 Bb7 6. a4 Qa5+ 7. Nbd2 Nxd2 8. Qxd2 Qxd2+ 9. Nxd2 b4 10. e4 e6 11. Bc4 e5 12. 0-0 Be7 13. Bxe7 Kxe7 14. f4 d6 15. fxe5 dxe5 16. d6+ Kxd6 17. Rxf7 Nd7 18. Nf3 1-0

[Event "Budapest FS08 IM-B"]
[Site "Budapest"]
[Date "2001.08.05"]
[Round "2"]
[White "Kun, Gabor"]
[Black "Schmitt, Fabien"]
[Result "1-0"]
[WhiteElo "2274"]
[BlackElo "2146"]
[PlyCount "59"]
[EventDate "2001.08.04"]
[EventType "tourn"]
[EventRounds "11"]
[EventCountry "HUN"]
[EventCategory "1"]
[SourceTitle "CBM 083 Extra"]
[Source "ChessBase"]
[SourceDate "2001.09.11"]
[SourceVersion "1"]
[SourceVersionDate "2001.09.11"]
[SourceQuality "1"]

1. e4 c5 2. c3 d5 3. exd5 Qxd5 4. d4 Nf6 5. Nf3 Bg4 6. Qa4+ Nc6 7. Be2 cxd4 8. cxd4 e6 9. 0-0 Bd6 10. h3 Bh5 11. Nc3 Qa5 12. Qxa5 Nxa5 13. Bb5+ Kf8 14. g4 Bg6 15. Re1 a6 16. Bf1 Nc6 17. Bg5 Nb4 18. Rad1 Nfd5 19. Nxd5 Nxd5 20. Rc1 h5 21. Ne5 Bxe5 22. dxe5 hxg4 23. hxg4 f6 24. exf6 gxf6 25. Rxe6 Kf7 26. Rd6 fxg5 27. Bc4 Ke7 28. Rxd5 Rh4 29. Re1+ Kf6 30. f3 1-0

[Event "Paris-ch op"]
[Site "Paris"]
[Date "2000.07.15"]
[Round "1"]
[White "Pelle, Guillaume"]
[Black "Schmitt, Fabien"]
[Result "1-0"]
[WhiteElo "2280"]
[BlackElo "2112"]
[PlyCount "133"]
[EventDate "2000.07.15"]
[EventType "swiss"]
[EventRounds "9"]
[EventCountry "FRA"]
[SourceTitle "EXT 2001"]
[Source "ChessBase"]
[SourceDate "2000.11.22"]
[SourceVersion "1"]
[SourceVersionDate "2000.11.22"]
[SourceQuality "1"]

1. e4 c5 2. Nf3 e6 3. d4 cxd4 4. Nxd4 Nf6 5. Nc3 d6 6. Bc4 Be7 7. 0-0 0-0 8. Bb3 Na6 9. f4 Nc5 10. Qf3 Nfd7 11. f5 Ne5 12. Qg3 Nxb3 13. axb3 Bf6 14. Be3 Kh8 15. Kh1 a6 16. Rfd1 Bd7 17. Rd2 Qc7 18. Rf1 Rad8 19. Bg5 Bxg5 20. Qxg5 Nc6 21. Rf3 f6 22. Qe3 e5 23. Nde2 Ne7 24. Qg1 Bc6 25. Qd1 Rd7 26. Rfd3 Rfd8 27. Ng3 b5 28. b4 a5 29. bxa5 b4 30. Nce2 Bb5 31. Rb3 Qxa5 32. c3 Ba4 33. Qa1 Nc6 34. cxb4 Qb6 35. Ra3 Bb5 36. Nc3 Nxb4 37. Qd1 Bc6 38. Qb3 Qe3 39. Re2 Qc1+ 40. Qd1 Qxd1+ 41. Nxd1 d5 42. h3 d4 43. Rb3 Rb7 44. Nf2 Ra8 45. Ra3 Rba7 46. Rb3 Rb7 47. Rd2 Ra1+ 48. Kh2 Ba4 49. Rc3 Rb8 50. Rc7 Be8 51. Ne2 Ra6 52. g4 Rc6 53. Ra7 h6 54. h4 Rc2 55. Rxc2 Nxc2 56. g5 hxg5 57. hxg5 fxg5 58. Ng3 Ne1 59. b4 Kg8 60. Ng4 d3 61. f6 d2 62. fxg7 Nf3+ 63. Kh3 Rb6 64. Nf5 Kh7 65. Nfh6 Rxh6+ 66. Nxh6 Kxh6 67. g8Q 1-0

[Event "FRA-chT 9900"]
[Site "France"]
[Date "2000.05.01"]
[Round "11.7"]
[White "Apicella, Manuel"]
[Black "Schmitt, Fabien"]
[Result "1-0"]
[WhiteElo "2509"]
[BlackElo "2088"]
[PlyCount "79"]
[EventDate "1999.02.04"]
[EventType "team"]
[EventRounds "11"]
[EventCountry "FRA"]
[SourceTitle "EXT 2001"]
[Source "ChessBase"]
[SourceDate "2000.11.22"]
[SourceVersion "1"]
[SourceVersionDate "2000.11.22"]
[SourceQuality "1"]

1. e4 d6 2. d4 Nf6 3. Nc3 Nbd7 4. Nf3 e5 5. Bc4 Be7 6. 0-0 0-0 7. a4 c6 8. Qe2 Qc7 9. Rd1 b6 10. Bg5 Bb7 11. d5 Rac8 12. dxc6 Bxc6 13. Ba6 Rcd8 14. Bb5 Bb7 15. Bxd7 Qxd7 16. Nxe5 Qe6 17. Nd3 h6 18. Nf4 Qe5 19. Bxf6 Bxf6 20. Nfd5 g6 21. Nxf6+ Qxf6 22. a5 Qg5 23. axb6 axb6 24. Ra7 Ba8 25. Qc4 Qg4 26. f3 Qg5 27. Qd4 h5 28. g3 h4 29. Kg2 Kh7 30. Qxb6 h3+ 31. Kf2 d5 32. Qe3 Qf6 33. e5 Qf5 34. Rd4 Qxc2+ 35. Ne2 Kg7 36. e6 Qf5 37. e7 Rfe8 38. exd8Q Rxe3 39. Kxe3 Qe5+ 40. Kf2 1-0

[Event "FRA-chT 9900"]
[Site "France"]
[Date "2000.04.29"]
[Round "9.7"]
[White "Nicoara, Malina"]
[Black "Schmitt, Fabien"]
[Result "1-0"]
[WhiteElo "2276"]
[BlackElo "2088"]
[PlyCount "85"]
[EventDate "1999.02.04"]
[EventType "team"]
[EventRounds "11"]
[EventCountry "FRA"]
[SourceTitle "EXT 2001"]
[Source "ChessBase"]
[SourceDate "2000.11.22"]
[SourceVersion "1"]
[SourceVersionDate "2000.11.22"]
[SourceQuality "1"]

1. d4 d5 2. c4 e6 3. Nc3 Be7 4. cxd5 exd5 5. Bf4 Nf6 6. e3 0-0 7. Bd3 c5 8. dxc5 Bxc5 9. Nf3 Nc6 10. 0-0 d4 11. exd4 Nxd4 12. Nxd4 Qxd4 13. Be3 Qe5 14. Bxc5 Qxc5 15. Rc1 Qa5 16. Qf3 Bg4 17. Qf4 Bh5 18. Bc4 Bg6 19. b4 Qf5 20. Qxf5 Bxf5 21. Nb5 Be4 22. Nd6 Bd5 23. Bxd5 Nxd5 24. a3 b6 25. Rfd1 Nf4 26. Kf1 Ne6 27. g3 Rfd8 28. f4 g6 29. f5 gxf5 30. Nxf5 Kf8 31. Rxd8+ Rxd8 32. Ke2 Rd5 33. Rc8+ Nd8 34. g4 Ke8 35. Ke3 f6 36. Rc7 Re5+ 37. Kf3 h5 38. Rxa7 hxg4+ 39. Kxg4 b5 40. h4 Ne6 41. Nd6+ Kf8 42. Rf7+ Kg8 43. Rxf6 1-0

[Event "FRA-chT 9900"]
[Site "France"]
[Date "2000.04.29"]
[Round "8.9"]
[White "Schmitt, Fabien"]
[Black "Muller, Veronique"]
[Result "1-0"]
[WhiteElo "2088"]
[BlackElo "1970"]
[PlyCount "79"]
[EventDate "1999.02.04"]
[EventType "team"]
[EventRounds "11"]
[EventCountry "FRA"]
[SourceTitle "EXT 2001"]
[Source "ChessBase"]
[SourceDate "2000.11.22"]
[SourceVersion "1"]
[SourceVersionDate "2000.11.22"]
[SourceQuality "1"]

1. d4 d5 2. Nf3 e6 3. e3 c5 4. c3 Nc6 5. Bd3 Nf6 6. Nbd2 Bd6 7. 0-0 0-0 8. Qe2 b6 9. e4 dxe4 10. Nxe4 Nd5 11. Nxd6 Qxd6 12. dxc5 Qxc5 13. Ng5 h6 14. Ne4 Qe7 15. f4 Bd7 16. Bd2 Qd8 17. Rad1 Qe7 18. Qf2 Rad8 19. c4 Nf6 20. Nxf6+ Qxf6 21. Bc3 Qe7 22. Kh1 Bc8 23. Be4 Bb7 24. h3 Rxd1 25. Rxd1 Rd8 26. Qf3 Rxd1+ 27. Qxd1 Na5 28. Bc2 Nc6 29. Qd3 f5 30. a3 Qc7 31. Qe3 Qf7 32. Kh2 Ne7 33. b4 Qg6 34. g3 h5 35. Qd4 Nc6 36. Qd6 Qf7 37. c5 bxc5 38. Bb3 Nd4 39. Bxd4 Kh7 40. Bxe6 1-0

[Event "Verbandsliga Sued Baden 9900"]
[Site "Germany"]
[Date "2000.03.19"]
[Round "8.3"]
[White "Gierth, Hans Joachim"]
[Black "Schmitt, Fabien"]
[Result "0-1"]
[WhiteElo "2249"]
[BlackElo "2081"]
[PlyCount "78"]
[EventDate "1999.10.??"]
[EventType "team"]
[EventRounds "9"]
[EventCountry "GER"]
[SourceTitle "EXT 2004"]
[Source "ChessBase"]
[SourceDate "2003.11.25"]
[SourceVersion "1"]
[SourceVersionDate "2003.11.25"]
[SourceQuality "1"]
[WhiteTeam "Dreisamtal"]
[BlackTeam "Freiburg II"]
[WhiteTeamCountry "GER"]
[BlackTeamCountry "GER"]

1. d4 Nf6 2. Nf3 e6 3. Bf4 c5 4. e3 Qb6 5. Qc1 d5 6. c3 Be7 7. Nbd2 Nc6 8. Bd3 0-0 9. 0-0 Bd7 10. dxc5 Bxc5 11. b4 Be7 12. a4 a6 13. Qb1 Rfc8 14. h3 g6 15. Rc1 Bf8 16. Nb3 Be8 17. Ra2 Nd7 18. e4 dxe4 19. a5 Qd8 20. Bxe4 Bg7 21. Rd2 Qe7 22. Bd6 Qf6 23. c4 Bf8 24. Bxf8 Nxf8 25. Nc5 Rab8 26. Rcd1 Nxa5 27. bxa5 Rxc5 28. Qb6 Rxc4 29. Qa7 Qf4 30. Rd6 Ba4 31. g3 Qxe4 32. Qxb8 Bxd1 33. Rd8 Bxf3 34. Rxf8+ Kg7 35. Rg8+ Kh6 36. Kh2 Qd4 37. Qf8+ Kg5 38. Qe7+ f6 39. h4+ Kf5 0-1

[Event "Verbandsliga Sued Baden 9900"]
[Site "Germany"]
[Date "1999.11.28"]
[Round "3.1"]
[White "Schmitt, Fabien"]
[Black "Duessel, Udo"]
[Result "1-0"]
[WhiteElo "2081"]
[BlackElo "2088"]
[PlyCount "113"]
[EventDate "1999.10.??"]
[EventType "team"]
[EventRounds "9"]
[EventCountry "GER"]
[SourceTitle "EXT 2004"]
[Source "ChessBase"]
[SourceDate "2003.11.25"]
[SourceVersion "1"]
[SourceVersionDate "2003.11.25"]
[SourceQuality "1"]
[WhiteTeam "Freiburg II"]
[BlackTeam "Waldshut II"]
[WhiteTeamCountry "GER"]
[BlackTeamCountry "GER"]

1. e4 Nf6 2. Nc3 d5 3. exd5 Nxd5 4. Bc4 e6 5. Qf3 Nb6 6. Bb3 Bd7 7. Nge2 Bc6 8. Qg3 Qd6 9. 0-0 N8d7 10. d4 Qxg3 11. hxg3 Bd6 12. Nd1 a5 13. c3 Be4 14. Ne3 0-0 15. Bc2 Nf6 16. f3 Bxc2 17. Nxc2 Nfd5 18. b3 c5 19. c4 Nb4 20. Nxb4 axb4 21. Be3 Nd7 22. Rfd1 g6 23. Rd2 Rfb8 24. Kf2 Bf8 25. Rad1 b5 26. Bf4 Rb7 27. dxc5 Bxc5+ 28. Be3 Bxe3+ 29. Kxe3 Nf6 30. Rd8+ Rxd8 31. Rxd8+ Kg7 32. Nc1 bxc4 33. bxc4 Rc7 34. Kd3 Nd7 35. f4 Nb6 36. Rd4 Na4 37. Kc2 Nc3 38. Kb3 Ra7 39. Kxb4 Nxa2+ 40. Nxa2 Rxa2 41. c5 Rb2+ 42. Ka5 Rxg2 43. Rd3 Rc2 44. Kb6 h6 45. c6 g5 46. fxg5 hxg5 47. c7 Kg6 48. Rd6 Rxc7 49. Kxc7 Kf5 50. Rd4 Ke5 51. Rd1 f5 52. Re1+ Kd5 53. Kd7 e5 54. Ke7 f4 55. Kf6 e4 56. Kf5 f3 57. Rd1+ 1-0

[Event "FRA-chT U18"]
[Site "France"]
[Date "1996.??.??"]
[Round "?"]
[White "Schmitt, Fabien"]
[Black "Dunis, Aurelien"]
[Result "1-0"]
[WhiteElo "1940"]
[BlackElo "1800"]
[PlyCount "75"]
[EventDate "1996.??.??"]
[EventType "team"]
[EventRounds "11"]
[EventCountry "FRA"]
[SourceTitle "EXT 2004"]
[Source "ChessBase"]
[SourceDate "2003.11.25"]
[SourceVersion "1"]
[SourceVersionDate "2003.11.25"]
[SourceQuality "1"]

1. e4 c5 2. Nf3 d6 3. d4 cxd4 4. Nxd4 Nf6 5. Nc3 a6 6. f4 e5 7. Nf3 Nbd7 8. a4 Qc7 9. Bd3 Be7 10. 0-0 0-0 11. Kh1 b6 12. fxe5 dxe5 13. Bg5 Bb7 14. Nh4 g6 15. Qe1 Qd8 16. Nf3 Nh5 17. Bh6 Ng7 18. Bc4 Qc7 19. Qe2 Nf6 20. Ng5 Ra7 21. Bxg7 Kxg7 22. Bxf7 Bc8 23. Bb3 Qc6 24. Nf3 Bd6 25. Bd5 Qc7 26. Qd3 Nh5 27. Ne2 Bg4 28. c3 h6 29. Nfg1 g5 30. Rxf8 Bxf8 31. Rf1 Qd6 32. h3 Bc8 33. Qf3 Nf6 34. Ng3 Kg6 35. N1e2 Bd7 36. Nh5 Be7 37. Neg3 Be8 38. Qf5# 1-0

[Event "Cannes Martinez op"]
[Site "Cannes"]
[Date "1995.??.??"]
[Round "5"]
[White "De Lange, Hans JG"]
[Black "Schmitt, Fabien"]
[Result "1/2-1/2"]
[WhiteElo "2015"]
[BlackElo "1720"]
[PlyCount "48"]
[EventDate "1995.07.??"]
[EventType "swiss"]
[EventRounds "9"]
[EventCountry "FRA"]
[SourceTitle "EXT 1998"]
[Source "ChessBase"]
[SourceDate "1997.11.17"]
[SourceVersion "1"]
[SourceVersionDate "1997.11.17"]
[SourceQuality "1"]

1. e4 c5 2. Ne2 e6 3. Nbc3 Nc6 4. g3 d6 5. Bg2 Qc7 6. 0-0 Nge7 7. d3 Rb8 8. a4 g6 9. h3 Bg7 10. Be3 0-0 11. f4 b6 12. Rb1 a6 13. Qd2 Nd4 14. b3 Bd7 15. g4 Nxe2+ 16. Nxe2 f5 17. Rbd1 Bc6 18. Ng3 Rbd8 19. Qe2 b5 20. axb5 axb5 21. g5 Bb7 22. h4 Rfe8 23. Qf2 Rc8 24. Bf3 d5 1/2-1/2